000 00772cam a22002773a 4500
001 7893
003 PGUSA
005 20140828083150.0
008 050401s2005||||xxu|||||s|||||000 1 eng d
040 _aPGUSA
_beng
042 _adc
050 4 _aPR
100 1 _aCollins, Wilkie,
_d1824-1889
245 1 0 _aHide and Seek
_h[electronic resource] /
_cWilkie Collins
260 _bProject Gutenberg,
_c2005
506 _aPublic domain in the USA.
516 _aElectronic text
653 _aFather figures -- Fiction
653 _aDeaf women -- Fiction
653 _aYoung men -- Fiction
653 _aPainters -- Fiction
653 _aPsychological fiction
830 0 _aProject Gutenberg
_v7893
856 4 0 _uhttp://www.gutenberg.org/ebooks/7893
942 _cEB
999 _c237193
_d237193